00653 2200217 4500001002100000005001500021035002000036007000300056008004100059020001800100082001000118084001600128100002900144245011600173250001000289260005500299300002400354650002700378856001400405990001600419INLIS00000000000051520240612095835 a0010-1120000127ta240612 0 ind  a979-8304-51-9 a635.2 a635.2 AWI n0 aA.Widjaja W.Hadisoeganda1 aNematoda Sista Kentang: Kerugian, Deteksi, Biogerafi, Pengendalian Nematoda Terpadu /cA.Wijadja W.Hadisoeganda acet.1 aBandung :bBalai penelitian tanaman sayuran,c2006 ax, 52 hlm ;c23 hlm 4anematoda sista kentang aKelas 635 a00000000765